00517nas a2200169 a 4500001001000000003000400010005001700014008004100031040001800072043000900090245004800099260003600147300000700183651003400190952010600224999001700330000037218DLC20200930080222.0120308c19279999dr ur1pdd 0 0spa d aDO-SdBNPbspa anwdr00aCruz roja nacional dominicana :bestatutos. aSanto Domingo :bListin,c1927. av. 4aRepública Dominicana910483 00107-18PDaGRbGRcOId2014-05-20iLF1l0o p37218-10r2020-06-25w2020-06-25yLFPDZNo se presta c36708d36708